3522-福山市(広島県)の駅 - Statistics

General Stats
  • This quiz has been taken 8 times
  • The average score is 14 of 18
Answer Stats
Answer % Correct
福山
100%
神辺
100%
新市
100%
大門
100%
東福山
100%
松永
100%
備後本庄
71%
横尾
71%
湯田村
71%
万能倉
71%
駅家
71%
近田
71%
戸手
71%
上戸手
71%
備後赤坂
71%
御領
57%
湯野
57%
道上
57%
No matching quizzes found
Score Distribution
Percent of People with Each Score
Percentile by Number Answered
Your Score History
You have not taken this quiz